| 000 | 00355nam a22001577a 4500 | ||
|---|---|---|---|
| 003 | OSt | ||
| 008 | 240120b |||||||| |||| 00| 0 eng d | ||
| 020 | _a9781785042188 | ||
| 082 |
_a302.2 _bERS |
||
| 100 | _aERIKSON,Thomas | ||
| 245 | _aSurrounded by Idiots | ||
| 250 | _a1st | ||
| 260 |
_aLondon _bVermillion _c2014 |
||
| 300 | _a282 | ||
| 942 |
_2ddc _cBK |
||
| 999 |
_c12180 _d12180 |
||